| Registos Bibliográficos associados ao registo de autoridade |
|
Etiqueta de registo: 00254nam 2200025 450 001 2287254 003 http://id.bnportugal.gov.pt/bib/catbnp/2287254 021 ## $aPT$b561938/26 100 ## $a20260629d2026 m y0pory0103 ba 101 0# $apor 102 ## $aPT 105 ## $aa z 001yy 106 ## $ar 200 1# $aAssociação de Atletismo do Porto, 1926-2026, 100 anos$elivro do centenário$fcoord. Serafim Gadelho$gpesquisa Associação de Atletismo do Porto 205 ## $a1ª ed.,$b1ª tir 210 #9 $a[S.l.$cs.n.],$d2026$gNorprint) 215 ## $a368, [4] p.$cil.$d24 cm 702 #1 $aGadelho,$bSerafim$31999722 712 02 $aAssociação de Atletismo do Porto$4220$31047770 801 #0 $aPT$bBN$gRPC 966 ## $lBN$mFGMON$x1 966 ## $lBN$mFGMON$x1 971 ## $cjbeatriz$d20260529
|
|
|